<?xml version="1.0" encoding="UTF-8"?>
<record
    xmlns:xsi="http://www.w3.org/2001/XMLSchema-instance"
    xsi:schemaLocation="http://www.loc.gov/MARC21/slim http://www.loc.gov/standards/marcxml/schema/MARC21slim.xsd"
    xmlns="http://www.loc.gov/MARC21/slim">

  <leader>02832nam a22002777a 4500</leader>
  <controlfield tag="001">6366</controlfield>
  <controlfield tag="003">FISKH</controlfield>
  <controlfield tag="005">20250424101106.0</controlfield>
  <controlfield tag="008">250424b        cb ||||| |||| 00| 0 eng d</controlfield>
  <datafield tag="020" ind1=" " ind2=" ">
    <subfield code="a">9781741795875</subfield>
  </datafield>
  <datafield tag="040" ind1=" " ind2=" ">
    <subfield code="a">FISKH</subfield>
    <subfield code="b">eng</subfield>
    <subfield code="c">FISKH</subfield>
    <subfield code="d">FISKH</subfield>
  </datafield>
  <datafield tag="050" ind1=" " ind2=" ">
    <subfield code="a">DS589.B2 C86</subfield>
  </datafield>
  <datafield tag="082" ind1=" " ind2=" ">
    <subfield code="a">915.93</subfield>
  </datafield>
  <datafield tag="100" ind1=" " ind2=" ">
    <subfield code="a">Burke, Andrew</subfield>
  </datafield>
  <datafield tag="245" ind1=" " ind2=" ">
    <subfield code="a">Bangkok : </subfield>
    <subfield code="b">City guide /</subfield>
    <subfield code="c">By Andrew Burke and Austin Bush </subfield>
  </datafield>
  <datafield tag="250" ind1=" " ind2=" ">
    <subfield code="a">First published , September 1992</subfield>
  </datafield>
  <datafield tag="260" ind1=" " ind2=" ">
    <subfield code="a">Fort Mill : </subfield>
    <subfield code="b">Lonely Planet ,</subfield>
    <subfield code="c">2011. </subfield>
  </datafield>
  <datafield tag="300" ind1=" " ind2=" ">
    <subfield code="a">304 pages : </subfield>
    <subfield code="b">color illustrations, maps ;</subfield>
    <subfield code="c">20 cm .</subfield>
  </datafield>
  <datafield tag="490" ind1=" " ind2=" ">
    <subfield code="a">Lonely Planet </subfield>
  </datafield>
  <datafield tag="520" ind1=" " ind2=" ">
    <subfield code="a">Lonely Planet's local travel experts reveal all you need to know to plan the trip of a lifetime to Bangkok. Discover Bangkok's most popular experiences and best kept secrets - neighbourhood by neighbourhood - from visiting Wat Suthat to marvel at one of Thailand's biggest Buddhas to taking a sunset sightseeing river cruise from Sathron/Central Pier, and indulging your senses at Bang Rak's historic Spice Alley. Build a trip to remember with Lonely Planet's Bangkok travel guide:Our classic guidebook format provides you with the most comprehensive level of information for planning multi-week tripsUpdated with an all new structure and design so you can navigate Bangkok and connect experiences together with easeCreate your ideal trip with exciting Perfect Day itineraries with suggestions of unmissable attractions and activities to match your passions, plus day trips from Bangkok so you can explore the surrounding areasGet fresh takes on must-visit sights including Wat Arun Temple; the abandon Sathorn Unique Tower; and the Golden Mount monasterySpecial features on Bangkok's nightlife, eat like a local, navigate the marketsExpert local recommendations on when to go, eating, drinking, nightlife, shopping, accommodation, adventure activities, festivals, and moreEssential information toolkit containing tips on arriving; transport; making the most of your time and money; LGBTIQ+ travel advice; useful words and phrases; accessibility; and responsible travelConnect with Bangkok culture through stories that delve deep into local life, history, and traditions Inspiring full-colour travel photography and maps including a pull out map of BangkokCovers Ko Ratanakosin &amp; Thonburi; Banglamphu; Thewet &amp; Dusit; Chinatown; Siam Square, Pratunam, Phloen Chi &amp; Ratchathewi; Riverside, Silom &amp; Lumphini; Sukhumvit; Northern Bangkok plus day trips to Ayuthaya; Amphawa; Nakhon Pathom; Phetchaburi; Kanchanaburi; Lop Buri Create a trip that's uniquely yours and get to the heart of this extraordinary city with Lonely Planet's Bangkok.</subfield>
  </datafield>
  <datafield tag="650" ind1=" " ind2=" ">
    <subfield code="a">Lonely Planet</subfield>
    <subfield code="v">Non-fiction</subfield>
  </datafield>
  <datafield tag="650" ind1=" " ind2=" ">
    <subfield code="a">Southeast Asia</subfield>
    <subfield code="v">Non-fiction</subfield>
  </datafield>
  <datafield tag="700" ind1=" " ind2=" ">
    <subfield code="a">Bush, Austin</subfield>
    <subfield code="e">Illustrator </subfield>
  </datafield>
  <datafield tag="942" ind1=" " ind2=" ">
    <subfield code="2">ddc</subfield>
    <subfield code="c">BK</subfield>
    <subfield code="n">0</subfield>
  </datafield>
  <datafield tag="999" ind1=" " ind2=" ">
    <subfield code="c">6366</subfield>
    <subfield code="d">6366</subfield>
  </datafield>
  <datafield tag="952" ind1=" " ind2=" ">
    <subfield code="0">0</subfield>
    <subfield code="1">0</subfield>
    <subfield code="2">ddc</subfield>
    <subfield code="4">0</subfield>
    <subfield code="7">0</subfield>
    <subfield code="8">NFIC</subfield>
    <subfield code="a">002</subfield>
    <subfield code="b">002</subfield>
    <subfield code="c">SNS</subfield>
    <subfield code="d">2025-04-24</subfield>
    <subfield code="l">1</subfield>
    <subfield code="o">BUR 915.93 DS589.B2 C86</subfield>
    <subfield code="p">2025-1112</subfield>
    <subfield code="r">2025-08-19 10:31:17</subfield>
    <subfield code="s">2025-08-18</subfield>
    <subfield code="w">2025-04-24</subfield>
    <subfield code="y">BK</subfield>
  </datafield>
</record>
